| 000 | 00955nam a2200277 a 4500 | ||
|---|---|---|---|
| 005 | 20180803165415.0 | ||
| 008 | 140217b2009 ck ||||| |||| 00| 0 spa d | ||
| 020 |
_a9789588343303=020 \\ _a9789588343297 Obra completa |
||
| 041 | _aspa | ||
| 044 | _ack | ||
| 090 |
_aIAVH _b01324 |
||
| 100 |
_aGalindo, Gustavo _93106 |
||
| 245 | _aPlanificación ecorregional para la conservación de la biodiversidad en el caribe continental colombiano | ||
| 260 |
_aBogotá _bIAVH _bANH _bThe Nature Conservancy _bIdeam _c2009 |
||
| 300 | _a23 p. | ||
| 650 |
_aAreas de conservación _96145 |
||
| 650 |
_aPlanificación regional _91075 |
||
| 650 |
_aPlanificación ambiental _992289 |
||
| 650 |
_aEcosistemas amenazados _96147 |
||
| 662 |
_aColombia _cRegión Caribe |
||
| 700 |
_aMarcelo, Darwin _92693 |
||
| 700 |
_aBernal, Néstor Ricardo _94715 |
||
| 700 |
_aVergara, Lina Katherine _96148 |
||
| 700 |
_aBetancourth, Juan Carlos _94714 |
||
| 942 |
_cImpreso _01 _2z |
||
| 999 |
_c6866 _d6866 |
||